1420 1042 1729 1950 1009 1255 1265 1846 1271 1038 1836 1712 1935 1514 1207 1516 1890 1101 1861 1233 1394 1010 1470 1312 1531 1288 1626 1130 1608 1273 1268 1442 1346 1776 1595 1078 1498 1647 1947 1708 1310 1845 1997 1495 1619 1420 1557 1044 1406 1110 1830 1989 1278 1294 1594 1702 1999 1840 1521 1599 1103 1026 1881 1564 1893 1286 1864 1049 1910 1366 1345 1409 1614 1338 1584 1275 1956 1348 1374 1122 1587 1989 1684 1592 1382 1098 1025 1071 1755 1776 1347 1026 1353 1139 1287 1994 1670 1324 1019 BCNSPRNW ULIB Ver.6.0+V

เปลี่ยนเป็นภาษาไทย

Change to English
 แสดงรายละเอียดบรรณานุกรม
  กลับหน้าหลัก

Brief Record : Get Marc (ISO 2709) : E-mail record : QR code < ปิดหน้าต่าง
LEADER : 00000nam 2200000uu 4500
001    13399126762
003     ULIB
008    190301s2561||||th 000 0 tha d
020 ^9 ^a9786162046957
050 ^D ^aDS915.2^bK20ต
100 0^ aKatto Readlovetree
245 10 ^aโตเกียว ใครๆ ก็เที่ยวได้ Edition 3 : Tokyo & Around/^cKatto Readlovetree
250 ^พ ^aพิมพ์ครั้งที่ 1
260 ^ก ^aกรุงเทพฯ :^bโปรวิชั่น,^c2561.
300 ^3 ^a432 หน้า :^bภาพประกอบ, แผนที่ ;^c21 ซม.
651 ^4 ^aญี่ปุ่น^xภูมิประเทศและการท่องเที่ยว
651 ^4 ^aญี่ปุ่น^xความเป็นอยู่และประเพณี
700 0^ aDPlus Guide Team
945    ^p385^l0^i27156
999    ^aกัณชพร จุลอักษร
รายการนี้ยังไม่มีแท็ก
คุณยังไม่ได้ล็อกอิน คุณสามารถมีกิจกรรมร่วมกับเว็บไซต์ได้ แต่ต้องล็อกอินก่อน ::
  ล็อกอิน

รายการสื่อสารสนเทศ

ลำดับที่ ประเภท เลขเรียก/บาร์โค้ด สถานที่ สถานะ
1. วิทยาศาสตร์การแพทย์ และสุขภาพ
วิทยาศาสตร์การแพทย์ และสุขภาพ
DS915.2 K20ต ฉ.1 
  Barcode: 27156
ห้องสมุดวิทยาเขตนครสวรรค์
►หนังสือทั่วไป:l:General Books
บนชั้น

BibComment


ยังไม่เคยถูกคอมเมนท์

คอมเมนท์ทรัพยากรรายการนี้
  คอมเมนท์: โตเกียว ใครๆ ก็เ..


 Copyright 2026. Bcnsprnw @Library